| 000 | 00599nam a22002057a 4500 | ||
|---|---|---|---|
| 005 | 20180425155333.0 | ||
| 010 | _aENG-122664 | ||
| 020 |
_a9789386582492 _c250.00 |
||
| 035 | _aEN-106196 | ||
| 037 | _bDBAD/PUB | ||
| 082 | _aN | ||
| 100 | _aGrossmith, George and Weedon | ||
| 245 |
_aThe diary of a nobody / _cby George and Weedon Grossmith |
||
| 260 |
_aNew Delhi _bSpeaking Tiger Publications _c2017 |
||
| 270 |
_a4381/4, Ansari Road, Daryaganj, _bNew Delhi _e110002 |
||
| 300 |
_a184p. _c22cm(pbk) _bill. |
||
| 650 | _aFiction | ||
| 700 | _aGrossmith, Weedon | ||
| 942 |
_2ddc _cEN _mGRO _hN |
||
| 999 |
_c151755 _d151755 |
||